| 000 | 01232na a2200361 4500 | ||
|---|---|---|---|
| 001 | 24174 | ||
| 003 | MIRAKIL | ||
| 005 | 20181213155249.0 | ||
| 008 | 180612b tu 000 0 | ||
| 020 | _a978605613098 | ||
| 035 | _a14697 | ||
| 040 |
_aMilas _btur _cTR-AnCHP |
||
| 041 | _atur | ||
| 082 |
_a324.9 2015 _bT85s 2016 |
||
| 090 | _a324.9 2015 T85s 2016 | ||
| 100 | _aTuncer, Erol | ||
| 245 |
_aSeçim 2015 _b1 Kasım 2015 milletvekili genel seçimleri sayısal ve siyasal değerlendirme _cErol Tuncer, Bülent Tuncer |
||
| 246 | _a1 Kasım 2015 milletvekili genel seçimleri sayısal ve siyasal değerlendirme | ||
| 246 | _a2015 seçimleri | ||
| 260 |
_aAnkara _bTESAV _c2016 |
||
| 300 |
_axii, 366 s. _bgrf., hrt., tbl. _c27 sm. |
||
| 490 |
_aTESAV yayınları _v44 |
||
| 504 | _aKaynakça var. | ||
| 650 |
_aSeçimler _yİstatistikler _zTürkiye |
||
| 650 |
_aTBMM _x24. Dönem _y2011-2015 |
||
| 650 |
_aHükümetler _x2011-2015 _zTürkiye |
||
| 650 |
_aSiyasal partiler _x2011-2015 _zTürkiye |
||
| 650 |
_aSiyasal tarih _y2011-2015 _zTürkiye |
||
| 651 |
_aTürkiye _xSiyaset ve yönetim _y2011-2015 |
||
| 651 |
_aTürkiye _xSeçimler _yGenel seçimler, 2015 |
||
| 700 | _aTuncer, Bülent | ||
| 942 |
_2ddc _cBKS |
||
| 999 |
_c9518 _d9518 |
||